Les damnés de la caisse. Grève dans un hypermarché, par Marlène Benquet(Ed. du croquant, 2011, 236 p.) ; Les chômeurs de Moulinex, par Manuella Roupnel-Fuentes(PUF, 2011, 359 p.) (notice n° 1661630)

détails MARC
000 -LEADER
fixed length control field 01578cam a2200169 4500500
005 - DATE AND TIME OF LATEST TRANSACTION
control field 20260208024311.0
041 ## - LANGUAGE CODE
Language code of text/sound track or separate title fre
042 ## - AUTHENTICATION CODE
Authentication code dc
100 10 - MAIN ENTRY--PERSONAL NAME
Personal name Marmet, Carole
Relator term author
245 00 - TITLE STATEMENT
Title Les damnés de la caisse. Grève dans un hypermarché, par Marlène Benquet(Ed. du croquant, 2011, 236 p.) ; Les chômeurs de Moulinex, par Manuella Roupnel-Fuentes(PUF, 2011, 359 p.)
260 ## - PUBLICATION, DISTRIBUTION, ETC.
Date of publication, distribution, etc. 2013.<br/>
500 ## - GENERAL NOTE
General note 77
520 ## - SUMMARY, ETC.
Summary, etc. Investigations menées à Paris et en région parisienne dans des « relais sociaux », partenaires de l’association La culture est à tous. Sont abordés ici, entre autres, les rapports que les travailleurs sociaux entretiennent eux-mêmes avec la culture et ce qu’ils en attendent pour ce qui est des publics dont ils ont la responsabilité. Les réflexions se situent en toute proximité d’une frontière toujours discutée entre animation socioculturelle et travail social.
520 ## - SUMMARY, ETC.
Summary, etc. Investigations conducted in Paris and the Paris region in « social springboards » partners of the association La culture est à tous [Culture is for everybody]. Among others reports that social workers themselves keep with the culture and what they expect from it in terms of the publics for whom they are responsible are discussed here. Reflections are in the immediate vicinity of an alwayscontroversial boundary between sociocultural and social work.
786 0# - DATA SOURCE ENTRY
Note Le Sociographe | 41 | 1 | 2013-03-01 | p. 126a-139a | 1297-6628
856 41 - ELECTRONIC LOCATION AND ACCESS
Uniform Resource Identifier <a href="https://shs.cairn.info/revue-le-sociographe-2013-1-page-126a?lang=fr&redirect-ssocas=7080">https://shs.cairn.info/revue-le-sociographe-2013-1-page-126a?lang=fr&redirect-ssocas=7080</a>

Pas d'exemplaire disponible.

PLUDOC

PLUDOC est la plateforme unique et centralisée de gestion des bibliothèques physiques et numériques de Guinée administré par le CEDUST. Elle est la plus grande base de données de ressources documentaires pour les Étudiants, Enseignants chercheurs et Chercheurs de Guinée.

Adresse

627 919 101/664 919 101

25 boulevard du commerce
Kaloum, Conakry, Guinée

Réseaux sociaux

Powered by Netsen Group @ 2025